Stavebné sporenie ako nástroj financovania bývania v SR bakalárska práca

Gespeichert in:
Bibliographische Detailangaben
1. Verfasser: Bernáthová, Katarína
Körperschaft: Národohospodárska fakulta EU. Katedra financií
Weitere Verfasser: Beňová, Elena
Format: Buch
Sprache:Slowakisch
Veröffentlicht: Bratislava 2010
Tags: Tag hinzufügen
Keine Tags, Fügen Sie das erste Tag hinzu!

MARC

LEADER 00000nbm a2200000 4500
001 0133192
005 20161109111512.8
041 0 |a slo 
044 |a SK 
245 1 0 |a Stavebné sporenie ako nástroj financovania bývania v SR  |b bakalárska práca  |c Katarína Bernáthová ; školiteľ: Elena Beňová 
264 1 |a Bratislava  |c 2010 
300 |a 56 s. 
100 1 |a Bernáthová, Katarína 
700 1 |a Beňová, Elena 
710 2 |a Národohospodárska fakulta EU. Katedra financií